100 Biggest Cities of Japan on a Map - Statistics

General Stats
  • This quiz has been taken 372 times
  • The average score is 43 of 100
Answers on the Map
Answers color-coded by a green-red scale on the quiz's map according to % correct below.
 
Answer Stats
Population City % Correct
9,733,276 Tōkyō
95%
2,752,412 Ōsaka
92%
1,463,723 Kyōto
91%
1,200,754 Hiroshima
90%
409,118 Nagasaki
90%
1,973,395 Sapporo
90%
2,332,176 Nagoya
87%
3,777,491 Yokohama
85%
1,612,392 Fukuoka
83%
1,096,704 Sendai
82%
1,525,152 Kōbe
79%
282,693 Fukushima
68%
789,275 Niigata
68%
724,691 Okayama
68%
1,324,025 Saitama
66%
275,192 Aomori
65%
974,951 Chiba
65%
317,625 Naha
65%
1,538,262 Kawasaki
63%
593,128 Kagoshima
61%
693,389 Shizuoka
61%
738,865 Kumamoto
60%
939,029 Kitakyūshū
58%
307,672 Akita
56%
251,084 Hakodate
56%
372,760 Nagano
56%
790,718 Hamamatsu
55%
401,339 Miyazaki
55%
354,630 Nara
55%
233,301 Saga
54%
475,614 Ōita
53%
326,545 Kōchi
50%
413,938 Toyama
50%
402,557 Gifu
49%
356,729 Wakayama
48%
530,495 Himeji
47%
422,330 Toyota
47%
247,590 Yamagata
46%
463,254 Kanazawa
45%
511,192 Matsuyama
45%
289,731 Morioka
45%
329,306 Asahikawa
44%
518,757 Utsunomiya
44%
245,392 Fuji
43%
826,161 Sakai
43%
262,328 Fukui
41%
725,493 Sagamihara
41%
252,391 Tokushima
41%
460,930 Fukuyama
38%
417,496 Takamatsu
37%
642,907 Funabashi
36%
274,537 Tsu
36%
287,730 Ibaraki
35%
579,355 Hachiōji
32%
594,274 Kawaguchi
32%
493,940 Higashiōsaka
31%
332,931 Iwaki
31%
303,316 Kurume
31%
270,685 Mito
31%
384,654 Okazaki
31%
243,223 Sasebo
31%
498,232 Matsudo
30%
345,070 Ōtsu
30%
255,051 Shimonoseki
30%
371,920 Toyohashi
30%
388,078 Yokosuka
30%
459,593 Amagasaki
29%
496,676 Ichikawa
29%
354,571 Kawagoe
29%
327,692 Kōriyama
29%
474,592 Kurashiki
29%
332,149 Maebashi
29%
241,145 Matsumoto
28%
372,973 Takasaki
28%
426,468 Kashiwa
27%
266,936 Nagaoka
27%
436,905 Fujisawa
26%
303,601 Akashi
25%
431,079 Machida
25%
485,587 Nishinomiya
25%
401,558 Toyonaka
24%
264,642 Yao
24%
305,424 Yokkaichi
23%
397,289 Hirakata
22%
385,567 Suita
22%
262,790 Fuchū
21%
308,681 Kasugai
21%
239,169 Yamato
21%
352,698 Takatsuki
20%
269,524 Ichihara
19%
242,614 Chōfu
18%
342,464 Tokorozawa
18%
242,389 Chigasaki
17%
380,073 Ichinomiya
17%
260,878 Kakogawa
17%
341,621 Koshigaya
17%
248,304 Sōka
17%
241,656 Tsukuba
17%
258,422 Hiratsuka
16%
229,792 Kasukabe
16%
No matching quizzes found
Score Distribution
Percent of People with Each Score
Percentile by Number Answered
Your Score History
You have not taken this quiz